000 00483nam a2200181Ia 4500
001 22283
005 20260414150821.0
008 260414t2012||||xx |||||||||||||| ||spa||
041 _aESP
082 _a621.31
_bE64
100 _aEnríquez Harper, Gilberto
_eAUT
245 0 _aManual del técnico en subestaciones eléctricas :
_bindustriales y comerciales
260 _c2012
300 _a426 páginas :
_c27 cm.
650 _aTCA
654 _aCET
942 _cLIB
_dJUS
_fJUS
_2ddc
_n
999 _c22283
_d22283